LDR 00706naa#a2200193#i#450# 001 EN\\bibl\116880 005 20260602123648.2 011 ## _a2588-0209 100 ## _a20260227b2026####ek#y0engy0150####ca 102 ## _aRU 200 1# _aRURAL TERRITORIES IN THE RUSSIAN FEDERATION: FROM LEGAL INDEFINITENESS TO SYSTEMATIC REGULATION _eJournal article 210 1# _aMoscow _cElectronic science _d2026 215 ## _a12 с. 608 ## _aJournal article _2local 675 ## _aРегиональная экономика. Территориальная экономика. 332.1 _z 700 #1 _aSevostyanov _gAnatoliy Vasil'evich 700 #1 _aBliznyukova _gTat'yana Viktorovna 700 #1 _aAntonova _gMaria Alexandrovna 856 4# _aqje.su _u